[Event "Coupe de France-CATE/Auch"]
[Site "?"]
[Date "2007.12.09"]
[Round "2"]
[White "Delay, Guillaume"]
[Black "Rouede, Gilbert"]
[Result "0-1"]
[WhiteElo "1850"]
[BlackElo "1834"]
[EventDate "2007.??.??"]
[PlyCount "42"]

{65MB} 
1.e4 c5 2.Nc3 Nc6 3.Nf3 d6 4.d4 cxd4 5.Nxd4 Nf6 6.Bc4 g6 7.Nxc6 bxc6 8.e5 
Ng4 9.e6 f5 10.Qd4 Rg8 11.Bb3 Bg7 12.Qd3 Qb6 13.O-O Ba6 14.Bc4 Ne5 15.Qh3 
Bxc4 16.Qxh7 O-O-O 17.Be3 Qb7 18.Rfe1 Bf6 19.Qh3 Rh8 20.Qg3 Ng4 21.Bd2 Bh4
0-1

[Event "R1 Montech / Albi 2"]
[Site "Montech"]
[Date "2007.12.16"]
[Round "3"]
[White "ElBakkali, Muslim"]
[Black "Aragon, Maurice"]
[Result "1/2-1/2"]
[WhiteElo "1199"]
[BlackElo "1499"]
[EventDate "2007.??.??"]
[PlyCount "148"]

1.e4 e5 2.Nf3 d6 3.Bc4 c6 4.a4 Bg4 5.Be2 Nf6 6.Nc3 Nbd7 7.d4 Qa5 8.dxe5 
Nxe4 9.Bd2 Nxd2 10.Qxd2 Bxf3 11.Bxf3 Qxe5+ 12.Be2 d5 13.O-O Bd6 14.g3 Bc5 
15.Rae1 O-O 16.Bg4 Qd6 17.Rd1 Nf6 18.Bf3 Rad8 19.Ne2 Rfe8 20.c3 a5 21.Nf4 
Ne4 22.Qc2 Qf6 23.Qb3 b6 24.Rd3 Qf5 25.Qc2 g5 26.Ne2 g4 27.Bxe4 dxe4 28.
Rd2 Rd3 29.Nd4 Bxd4 30.cxd4 Rxd2 31.Qxd2 Re6 32.b4 h5 33.Rd1 Qf3 34.Rb1 e3
35.Qc2 exf2+ 36.Qxf2 Qxf2+ 37.Kxf2 axb4 38.Rxb4 c5 39.dxc5 bxc5 40.Rc4 Rc6
41.Ke3 Kg7 42.Ke4 Ra6 43.Kd5 f6 44.Kxc5 f5 45.Rd4 Kf7 46.Rf4 Ke6 47.Kb5 
Ra8 48.a5 Rf8 49.Kc6 Ra8 50.Kb6 Rb8+ 51.Kc6 Rb2 52.h4 Rb3 53.a6 Rxg3 54.a7
Ra3 55.Kb7 Ke5 56.Rc4 f4 57.Rc3 Rxa7+ 58.Kxa7 f3 59.Rc5+ Kf4 60.Rxh5 Kg3 
61.Rh8 f2 62.Rf8 Kg2 63.h5 g3 64.h6 Kf1 65.h7 g2 66.h8=Q g1=Q 67.Qa1+ Kg2 
68.Qg7+ Kf1 69.Qa1+ Kg2 70.Rg8+ Kh1 71.Qh8+ Qh2 72.Qf6 Qc7+ 73.Ka6 Qc4+ 
74.Ka5 Qa2+ 1/2-1/2

[Event "R1 Montech / Albi 2"]
[Site "Montech"]
[Date "2007.12.16"]
[Round "3"]
[White "Ravon, Michel"]
[Black "Bucherie, Volcy"]
[Result "1-0"]
[WhiteElo "1570"]
[BlackElo "1499"]
[EventDate "2007.??.??"]
[PlyCount "69"]

1.Nf3 Nf6 2.d4 g6 3.Bg5 Bg7 4.g3 O-O 5.Bg2 d5 6.O-O e6 7.c3 Nbd7 8.Nbd2 c6
9.e4 Re8 10.e5 Qc7 11.exf6 Nxf6 12.Bf4 Qb6 13.Qb3 Bd7 14.Ne5 Rad8 15.Rfe1 
c5 16.Qxb6 axb6 17.Nxd7 Rxd7 18.Be5 h5 19.Bf1 cxd4 20.Bxd4 Rde7 21.Bb5 Rd8
22.Bxb6 Rd6 23.Bc5 Ne4 24.Nxe4 Rd8 25.Bxe7 Rc8 26.Nd6 Rc5 27.a4 d4 28.Ne4 
Rd5 29.Nf6+ Kh8 30.Nxd5 exd5 31.cxd4 Bxd4 32.Rac1 Bxb2 33.Rc8+ Kg7 34.Bg5 
f6 35.Re7# 1-0

[Event "R1 Montech / Albi 2"]
[Site "Montech"]
[Date "2007.12.16"]
[Round "3"]
[White "Lopez, Jacky"]
[Black "Jourda, Dominique"]
[Result "0-1"]
[WhiteElo "1440"]
[BlackElo "1699"]
[EventDate "2007.??.??"]
[PlyCount "66"]

1.d4 d5 2.c4 e6 3.a3 Nc6 4.Nc3 g6 5.Nf3 Bg7 6.Bf4 a6 7.e3 Nge7 8.Be2 O-O 
9.O-O b6 10.Rc1 Bb7 11.b4 dxc4 12.Bxc4 b5 13.Be2 Rc8 14.Qd2 Qd7 15.Rfd1 
Rfd8 16.Qc2 Qe8 17.Rd2 h6 18.h3 Nf5 19.Rcd1 Nd6 20.e4 Nxd4 21.Nxd4 Bxd4 
22.Bxd6 Bxc3 23.Qxc3 cxd6 24.Qe3 Qf8 25.Bf3 Kg7 26.g4 Qe7 27.Kg2 Rc7 28.e5
Bxf3+ 29.Kxf3 d5 30.Rd4 Rdc8 31.R1d3 Rc4 32.Rxd5 exd5 33.Rxd5 Qa7 0-1

[Event "R1 Montech / Albi 2"]
[Site "Montech"]
[Date "2007.12.16"]
[Round "3"]
[White "Auge, Jean"]
[Black "Bories, Jean-Paul"]
[Result "1-0"]
[WhiteElo "1936"]
[BlackElo "1450"]
[EventDate "2007.??.??"]
[PlyCount "78"]

1.e4 c6 2.d4 d5 3.e5 Bf5 4.f4 h5 5.Bd3 Bxd3 6.Qxd3 e6 7.Nf3 Ne7 8.Nc3 Nf5 
9.Ne2 c5 10.dxc5 Bxc5 11.Qb5+ Nd7 12.c3 Qb6 13.Qxb6 Nxb6 14.b4 Be7 15.Ned4
Nxd4 16.Nxd4 a6 17.f5 exf5 18.Nxf5 Bf8 19.Be3 Nd7 20.Bd4 Rh7 21.Ne3 Rc8 
22.Nxd5 Rh6 23.O-O Rg6 24.Rf3 Rcc6 25.Raf1 f6 26.exf6 Nxf6 27.Nxf6+ gxf6 
28.Rxf6 Rgxf6 29.Rxf6 Rxf6 30.Bxf6 b5 31.Kf2 Kf7 32.Bd4 Ke6 33.Ke3 Bd6 34.
h3 Kf5 35.Kf3 Kg5 36.g4 hxg4+ 37.hxg4 Kg6 38.Be3 Bc7 39.Ke4 Kf6 1-0

[Event "R1 Montech / Albi 2"]
[Site "Montech"]
[Date "2007.12.16"]
[Round "3"]
[White "Grondin, Luciano"]
[Black "Vuaillat, Jack"]
[Result "0-1"]
[WhiteElo "1570"]
[BlackElo "1899"]
[EventDate "2007.??.??"]
[PlyCount "82"]

1.d4 d5 2.Nf3 Nf6 3.Nc3 c6 4.g3 e6 5.Bg2 Bd6 6.O-O O-O 7.Bg5 Nbd7 8.Re1 
Qc7 9.e4 dxe4 10.Nxe4 Nxe4 11.Rxe4 h6 12.Bxh6 Nf6 13.Rh4 gxh6 14.Rxh6 Kg7 
15.Qd2 Bf4 16.Qxf4 Qxf4 17.gxf4 Kxh6 18.Ne5 Bd7 19.Rd1 Kg7 20.Rd3 Rg8 21.
Rg3+ Kf8 22.Rh3 Ke7 23.Rb3 Rab8 24.h4 Nd5 25.Rf3 Rg7 26.Kh2 Rbg8 27.Rg3 
Nxf4 28.Bf3 f6 29.Nc4 Be8 30.Ne3 Nh5 31.Bxh5 Bxh5 32.Ng2 Rxg3 33.fxg3 e5 
34.dxe5 fxe5 35.Ne3 Ke6 36.Kh3 Rf8 37.Kg2 Rf3 38.Nf1 Kf5 39.Nh2 Re3 40.Kf2
Re2+ 41.Kg1 Bg4 0-1

[Event "R1 Montech / Albi 2"]
[Site "Montech"]
[Date "2007.12.16"]
[Round "3"]
[White "Bashaev, Serguei"]
[Black "Debaralle, Michel"]
[Result "1-0"]
[WhiteElo "1899"]
[BlackElo "1656"]
[EventDate "2007.??.??"]
[PlyCount "75"]

1.e4 c5 2.Nf3 Nc6 3.Nc3 d6 4.Bc4 e6 5.a3 Nf6 6.d3 Be7 7.Bd2 a6 8.h3 O-O 9.
O-O b5 10.Ba2 Bb7 11.Nh2 Qb6 12.Ng4 Nxg4 13.Qxg4 Bf6 14.Kh1 Ne5 15.Qe2 Qd8
16.f4 Nc6 17.Rab1 Nd4 18.Qd1 Qd7 19.Ne2 Qc6 20.c3 Nxe2 21.Qxe2 Rac8 22.f5 
exf5 23.Bd5 Qd7 24.Bxb7 Qxb7 25.Rxf5 Qe7 26.Rbf1 Be5 27.Qg4 f6 28.Be3 Qa7 
29.b4 Kh8 30.Rc1 Rf7 31.Rxe5 Qb7 32.Rd5 Rfc7 33.Rxd6 cxb4 34.axb4 Qa8 35.
Bd4 a5 36.bxa5 Qxa5 37.Rxf6 b4 38.Rf7 1-0

[Event "R1-Auch/Loures-Barousse"]
[Site "?"]
[Date "2007.12.16"]
[Round "3"]
[White "Join, Etienne"]
[Black "Durrieu, Etiennette"]
[Result "1-0"]
[WhiteElo "1820"]
[BlackElo "1070"]
[EventDate "2007.??.??"]
[PlyCount "39"]
[TimeControl "240+2"]

1.e4 e6 2.d4 d5 3.exd5 Qxd5 4.Nf3 Nf6 5.Bg5 Be7 6.Nc3 Qd7 7.Ne5 Qd8 8.Bd3 
O-O 9.O-O Nbd7 10.Qf3 c6 11.Qh3 g6 12.Qh4 Re8 13.Ne4 Nf8 14.Bxf6 Nd7 15.
Nxd7 Bxd7 16.Bxe7 Rxe7 17.Nf6+ Kg7 18.Ng4 f5 19.Qf6+ Kg8 20.Nh6# 1-0

[Event "R1-Auch/Loures-Barousse"]
[Site "?"]
[Date "2007.12.16"]
[Round "3"]
[White "David, Philippe"]
[Black "Le Gallen, Luc"]
[Result "0-1"]
[WhiteElo "1510"]
[BlackElo "1912"]
[EventDate "2007.??.??"]
[PlyCount "58"]

1.e4 c5 2.f4 e6 3.Nf3 d5 4.Bb5+ Bd7 5.Bxd7+ Nxd7 6.e5 Ne7 7.O-O Nc6 8.c3 
Qb6 9.Kh1 Be7 10.d3 O-O 11.Ng5 Bxg5 12.fxg5 Ncxe5 13.Bf4 Qxb2 14.Nd2 Qxc3 
15.Rb1 Nxd3 16.Rb3 Qd4 17.Bg3 c4 18.Rxb7 N7e5 19.Qe2 Rac8 20.h3 c3 21.Bxe5
Nxe5 22.Nb3 Qe4 23.Qf2 a5 24.Nc5 Qc4 25.Nd7 Nxd7 26.Rxd7 c2 27.Rxf7 Qxf1+ 
28.Qxf1 Rxf7 29.Qc1 Rf1+ 0-1

[Event "R1- Auch/Loures-Barousse"]
[Site "?"]
[Date "2007.12.16"]
[Round "3"]
[White "Golic, Nadil"]
[Black "Cordier, Michel"]
[Result "1-0"]
[WhiteElo "2050"]
[BlackElo "1560"]
[EventDate "2007.??.??"]
[PlyCount "63"]

1.d4 Nf6 2.c4 e6 3.Nf3 d5 4.e3 c5 5.cxd5 exd5 6.Nc3 Nc6 7.h3 cxd4 8.Nxd4 
a6 9.a3 Be7 10.Bd3 O-O 11.O-O Nxd4 12.exd4 Re8 13.Bg5 Be6 14.Rc1 Rc8 15.
Kh1 Nd7 16.Bxe7 Qxe7 17.Qf3 Nf6 18.Rce1 Qd7 19.Re5 h6 20.Rfe1 b5 21.g4 Nh7
22.Qg3 g6 23.Qe3 Kg7 24.h4 Bxg4 25.Rxe8 Rxe8 26.Qxe8 Bf3+ 27.Kh2 Qg4 28.
Qe5+ Nf6 29.Qg3 Qh5 30.Be2 Ne4 31.Qe5+ Qxe5+ 32.dxe5 1-0

[Event "N4 - Ste Foy/CEIT3"]
[Site "?"]
[Date "2007.12.16"]
[Round "3"]
[White "Misiaszek"]
[Black "Rigal, Samy"]
[Result "0-1"]
[WhiteElo "1600"]
[BlackElo "1667"]
[EventDate "2007.??.??"]
[Annotator ",yves.lecureux"]
[PlyCount "84"]

{65MB, Fritz9.ctg, ACER-318DE0055E} 
1.d4 d5 2.Nf3 Nf6 3.Nbd2 c6 4.c3 Bf5 5.Nh4 Bc8 6.e3 Nbd7 7.Nhf3 Qc7 8.Bd3 
e5 9.e4 dxe4 10.Nxe4 Nxe4 11.Bxe4 Nf6 12.Bc2 exd4 13.Nxd4 Bd6 14.Qe2+ Be7 
15.Bg5 O-O 16.O-O-O h6 17.Bd2 Re8 18.Qf1 a6 19.f3 b5 20.g4 Qb6 21.g5 hxg5 
22.Bxg5 g6 23.Re1 c5 24.Nb3 a5 25.Bxf6 Qxf6 26.Qxb5 Ba6 27.Qd7 Rad8 28.Qg4
Qb6 29.Nd2 Bf8 30.Rxe8 Rxe8 31.Kb1 Bg7 32.Bb3 Bd3+ 33.Kc1 Bh6 34.Qd7 Rd8 
35.Qxf7+ Kh8 36.f4 Qd6 37.Re1 Bxf4 38.Re7 Bxd2+ 39.Kd1 Bc2+ 40.Ke2 Qxh2+ 
41.Kf3 Rd3+ 42.Ke4 Qe2# 0-1

[Event "N4 - Ste Foy/CEIT3"]
[Site "?"]
[Date "2007.12.16"]
[Round "3"]
[White "Roziere, Jean-Louis"]
[Black "Martin de la Moutte, Paul"]
[Result "1-0"]
[WhiteElo "1850"]
[BlackElo "1650"]
[EventDate "2007.??.??"]
[Annotator ",yves.lecureux"]
[PlyCount "113"]

{65MB, Fritz9.ctg, ACER-318DE0055E} 
1.e4 c5 2.c3 Nc6 3.d4 e6 4.Nf3 cxd4 5.cxd4 d5 6.e5 Bb4+ 7.Bd2 Qb6 8.a3 
Bxd2+ 9.Qxd2 Na5 10.Qb4 Nb3 11.Bb5+ Bd7 12.Qxb3 Qxb5 13.Qxb5 Bxb5 14.Nc3 
Bc4 15.Kd2 Nh6 16.h3 Kd7 17.Rac1 a5 18.Na4 Ke7 19.Nb6 Rab8 20.Nxc4 dxc4 
21.Rxc4 Rhd8 22.Rc7+ Ke8 23.Rhc1 Nf5 24.Kd3 h6 25.Ke4 f6 26.g4 Ne7 27.h4 
f5+ 28.gxf5 exf5+ 29.Kd3 Rd7 30.h5 Rbd8 31.Rxd7 Rxd7 32.Rc5 Nc6 33.d5 Kd8 
34.Kc4 Na7 35.Rxa5 b5+ 36.Kc5 Rc7+ 37.Kb6 Nc8+ 38.Kxb5 Rb7+ 39.Kc5 Rxb2 
40.Ra8 Rc2+ 41.Kd4 Rxf2 42.Ke3 Rg2 43.e6 g5 44.e7+ Kxe7 45.Rxc8 f4+ 46.Ke4
Re2+ 47.Kf5 Rf2 48.Ne5 Rd2 49.Rc7+ Kd6 50.Nc4+ Kxc7 51.Nxd2 Kd6 52.Ke4 Kc5
53.Nb3+ Kd6 54.Nd4 Kc5 55.Nf5 f3 56.Kxf3 Kxd5 57.Nxh6 1-0

[Event "N4 - Ste Foy/CEIT3"]
[Site "?"]
[Date "2007.12.16"]
[Round "3"]
[White "Lecureux, yves"]
[Black "Noel, Nicolas"]
[Result "0-1"]
[WhiteElo "1850"]
[BlackElo "1920"]
[EventDate "2007.??.??"]
[Annotator ",yves.lecureux"]
[PlyCount "80"]

{65MB, Fritz9.ctg, ACER-318DE0055E} 
1.e4 e5 2.Nf3 Nc6 3.d4 exd4 4.Bc4 Nf6 5.O-O d6 6.Nxd4 Ne5 7.Bd3 Be7 8.Nc3 
O-O 9.Be2 Bd7 10.f4 Nc6 11.Be3 a6 12.g4 Nxd4 13.Bxd4 Bc6 14.Bd3 d5 15.e5 
Ne4 16.Re1 Bb4 17.a3 Ba5 18.Bxe4 Bxc3 19.Bxh7+ Kxh7 20.Qd3+ Kg8 21.Qxc3 
Qh4 22.h3 Rad8 23.Rad1 Bb5 24.Re3 b6 25.b4 Rc8 26.f5 Bc4 27.e6 c5 28.bxc5 
bxc5 29.Bxc5 Rxc5 30.e7 Re8 31.Qb4 Rc7 32.Qd6 Rcxe7 33.Rxe7 Qxe7 34.Qg3 
Qe3+ 35.Qxe3 Rxe3 36.Kg2 Re2+ 37.Kg3 Rxc2 38.Ra1 d4 39.a4 d3 40.g5 g6 0-1

[Event "N4 - Ste Foy/CEIT3"]
[Site "?"]
[Date "2007.12.16"]
[Round "3"]
[White "Chauve"]
[Black "Moreau, Emilien"]
[Result "0-1"]
[WhiteElo "1950"]
[BlackElo "1914"]
[EventDate "2007.??.??"]
[Annotator ",yves.lecureux"]
[PlyCount "82"]

{65MB, Fritz9.ctg, ACER-318DE0055E} 
1.d4 Nf6 2.Bg5 Ne4 3.Bh4 d5 4.f3 Nd6 5.Nc3 c6 6.e4 dxe4 7.fxe4 g6 8.Qf3 
Bg7 9.O-O-O O-O 10.g4 a6 11.a4 Be6 12.e5 Ne8 13.d5 cxd5 14.Nxd5 Bxd5 15.
Rxd5 Qc7 16.Qe3 e6 17.Rc5 Nc6 18.Nf3 Qb6 19.Bf2 Nc7 20.Bc4 Rfd8 21.h4 Bf8 
22.Ng5 Bxc5 23.Qf4 Rd7 24.Nxh7 Bxf2 25.Nf6+ Kg7 26.Nxd7 Qe3+ 27.Qxe3 Bxe3+
28.Kb1 Rd8 29.Re1 Bd4 30.c3 Rxd7 31.cxd4 Rxd4 32.Rc1 Rxg4 33.h5 gxh5 34.b4
Nxe5 35.Be2 Rxb4+ 36.Ka2 Rxa4+ 37.Kb3 Re4 38.Bxh5 Nb5 39.Rg1+ Kf6 40.Rf1+ 
Ke7 41.Rf2 Re3+ 0-1

[Event "N4 - SteFoy/CEIT3"]
[Site "?"]
[Date "2007.12.16"]
[Round "3"]
[White "Vialaret, Laurent"]
[Black "Dhorne, Sebastien"]
[Result "0-1"]
[WhiteElo "2071"]
[BlackElo "1999"]
[EventDate "2007.??.??"]
[Annotator ",yves.lecureux"]
[PlyCount "38"]

{65MB, Fritz9.ctg, ACER-318DE0055E} 
1.d4 Nf6 2.Nc3 d5 3.e4 dxe4 4.f3 exf3 5.Nxf3 Bg4 6.h3 Bh5 7.g4 Bg6 8.Ne5 
e6 9.Qf3 Qxd4 10.Nxg6 hxg6 11.Qxb7 Bc5 12.Qc8+ Ke7 13.Qxc7+ Nbd7 14.Qg3 
Ne4 15.Qd3 Nxc3 16.bxc3 Qf2+ 17.Kd1 Ne5 18.Qe2 Rhd8+ 19.Bd2 Qf4 0-1

[Event "N4 - SteFoy/CEIT3"]
[Site "?"]
[Date "2007.12.16"]
[Round "3"]
[White "Ratsiambahotrat"]
[Black "Lacresse, Regis"]
[Result "0-1"]
[WhiteElo "1970"]
[BlackElo "1970"]
[EventDate "2007.??.??"]
[Annotator ",yves.lecureux"]
[PlyCount "86"]

{65MB, Fritz9.ctg, ACER-318DE0055E} 
1.c4 e5 2.g3 Nf6 3.Bg2 Bc5 4.Nc3 a6 5.d3 d6 6.e3 c6 7.Nge2 O-O 8.O-O Nbd7 
9.a3 Ba7 10.b4 Qc7 11.Bb2 Ng4 12.h3 Nxe3 13.fxe3 Bxe3+ 14.Kh1 f5 15.Bc1 
Ba7 16.Bd2 Nf6 17.Qc1 Be6 18.Be3 Bb8 19.Qd2 Qf7 20.a4 Qh5 21.Ng1 d5 22.Bc5
Bc7 23.Bxf8 Rxf8 24.cxd5 cxd5 25.Qa2 Rd8 26.Qf2 Qg6 27.Nce2 d4 28.Rac1 Bb8
29.Bxb7 Nd5 30.Bxd5 Bxd5+ 31.Kh2 f4 32.Rcd1 Bb3 33.gxf4 Bxa4 34.Nf3 Bxd1 
35.Rxd1 Rf8 36.Qg2 Qd6 37.Rg1 g6 38.Kh1 exf4 39.Nfxd4 f3 40.Nxf3 Rxf3 41.
d4 Rf5 42.Rc1 Kg7 43.Rb1 Rg5 0-1

[Event "N4 - Muret/Colomiers"]
[Site "?"]
[Date "2007.12.16"]
[Round "3"]
[White "Alladaye, R."]
[Black "Pastorelli, Loic"]
[Result "0-1"]
[WhiteElo "1909"]
[BlackElo "1875"]
[EventDate "2007.12.28"]
[PlyCount "80"]

1.e4 c5 2.Nc3 Nc6 3.f4 e6 4.Bb5 Nge7 5.Nf3 a6 6.Bxc6 Nxc6 7.d3 Be7 8.O-O 
O-O 9.Qe1 d5 10.a3 b5 11.Bd2 Re8 12.Qg3 b4 13.Ne2 Qc7 14.e5 f5 15.a4 Bf8 
16.Kh1 Bb7 17.d4 Rac8 18.c3 Na5 19.cxb4 cxb4 20.Nc1 Nc4 21.b3 Nxd2 22.Nxd2
Qc3 23.Qf2 Qxa1 24.Nd3 Qc3 25.Ne1 Qc7 26.Rg1 Qf7 27.g4 Rc3 28.g5 g6 29.
Nef3 Rec8 30.h4 Rc1 31.Ne1 a5 32.Kh2 Ba6 33.Rg3 R8c3 34.Nef3 R1c2 35.Rh3 
Bd3 36.h5 Be4 37.hxg6 hxg6 38.Qh4 Rxd2+ 39.Nxd2 Rxh3+ 40.Qxh3 Qh7 0-1

[Event "N4 - Muret/Colomiers"]
[Site "?"]
[Date "2007.12.16"]
[Round "3"]
[White "Partinico, Jeremy"]
[Black "Ouerk, Yanis"]
[Result "0-1"]
[WhiteElo "1909"]
[BlackElo "1875"]
[EventDate "2007.12.28"]
[PlyCount "74"]

1.e4 c5 2.Nf3 Nc6 3.Bb5 e6 4.O-O Nge7 5.c3 d5 6.exd5 Qxd5 7.d4 a6 8.c4 Qh5
9.Ba4 cxd4 10.Qxd4 b5 11.Qd6 bxa4 12.Rd1 f6 13.Nc3 Kf7 14.Ne4 h6 15.Be3 
Ne5 16.Nfd2 Nd5 17.Qd8 Bb7 18.Qa5 Nxe3 19.Qc7+ Kg8 20.fxe3 Qf7 21.Qb6 Kh7 
22.Rf1 Nxc4 23.Nxf6+ gxf6 24.Nxc4 Rg8 25.g3 Rc8 26.Rxf6 Qxf6 27.Qxb7+ Bg7 
28.Rf1 Qg5 29.Rf4 Rxc4 30.Rxc4 Qxe3+ 31.Kh1 Qe1+ 32.Kg2 Qe2+ 33.Kh3 Qxc4 
34.b3 axb3 35.axb3 Qb5 36.Qe7 Qf5+ 37.Kg2 Rc8 0-1

[Event "N4 - Muret/Colomiers"]
[Site "?"]
[Date "2007.12.16"]
[Round "3"]
[White "Moiseyev, Vlas"]
[Black "Boukhris-Ferre, Yacine"]
[Result "0-1"]
[WhiteElo "1937"]
[BlackElo "1850"]
[EventDate "2007.12.28"]
[PlyCount "96"]

1.e4 e6 2.d4 d5 3.Nc3 h6 4.Bb5+ c6 5.Bd3 Nf6 6.Nge2 b5 7.e5 Nfd7 8.a3 a6 
9.Na2 c5 10.c3 Nc6 11.O-O c4 12.Bc2 a5 13.f4 Nb6 14.f5 b4 15.fxe6 Bxe6 16.
b3 cxb3 17.Bxb3 a4 18.Bc2 b3 19.Bd3 bxa2 20.Nf4 Be7 21.Nxe6 fxe6 22.Qg4 
Kd7 23.Qxg7 Qg8 24.Bxh6 Qxg7 25.Bxg7 Rhg8 26.Bh6 Bxa3 27.Rxa2 Be7 28.Rf7 
Nc4 29.Bc2 a3 30.Bc1 Rgf8 31.Rg7 Kd8 32.g3 Kd7 33.Kg2 Rfb8 34.h4 Rg8 35.
Rh7 Rh8 36.h5 Rxh7 37.Bxh7 Rh8 38.Bg6 Na7 39.Bd3 Nb5 40.Rc2 Ra8 41.Bxc4 
dxc4 42.h6 a2 43.Bb2 a1=Q 44.Bxa1 Rxa1 45.Rb2 Kc6 46.Rf2 Nxc3 47.Rf7 Nd5 
48.Rf1 Ne3+ 0-1

[Event "N4 - Muret/Colomiers"]
[Site "?"]
[Date "2007.12.16"]
[Round "3"]
[White "Grimmer, Jonathan"]
[Black "Hantisse, A."]
[Result "0-1"]
[WhiteElo "1940"]
[BlackElo "1970"]
[EventDate "2007.12.28"]
[PlyCount "94"]

1.e4 c6 2.d4 d5 3.exd5 cxd5 4.Bd3 Nc6 5.c3 g6 6.Bf4 Bf5 7.Nf3 Bxd3 8.Qxd3 
Bg7 9.O-O e6 10.Qb5 Qb6 11.Na3 Ne7 12.Qxb6 axb6 13.Bc7 Nc8 14.Rfe1 Ra5 15.
Ne5 Bxe5 16.dxe5 Kd7 17.Bd6 Nxd6 18.exd6 b5 19.Red1 Rha8 20.f4 b4 21.cxb4 
Nxb4 22.Rac1 Nc6 23.Kf2 Ra4 24.g3 Rb4 25.Rd2 Raa4 26.Rc5 Kxd6 27.Rb5 Kd7 
28.Rxb4 Rxb4 29.b3 Rd4 30.Rxd4 Nxd4 31.Ke3 Nf5+ 32.Kd3 Kc6 33.g4 Nh6 34.h3
f5 35.g5 Nf7 36.Nc2 e5 37.Ke3 d4+ 38.Kf3 e4+ 39.Kf2 Kc5 40.a3 Nd8 41.h4 
Ne6 42.Kg3 d3 43.b4+ Kc4 44.Ne3+ Kd4 45.Nd1 b5 46.Kf2 Nxf4 47.Ne3 Nh3+ 0-1

[Event "N4 - Muret/Colomiers"]
[Site "?"]
[Date "2007.12.16"]
[Round "3"]
[White "Casella, Laurent"]
[Black "Hervet, Gilles"]
[Result "1-0"]
[WhiteElo "2037"]
[BlackElo "1998"]
[EventDate "2007.12.28"]
[PlyCount "64"]

1.e4 d5 2.exd5 Nf6 3.Nf3 Qxd5 4.Nc3 Qa5 5.Bc4 Nc6 6.h3 Bf5 7.d3 e6 8.Bd2 
O-O-O 9.O-O Ne5 10.Nxe5 Qxe5 11.Re1 Qd4 12.Qf3 Qh4 13.Re5 Bd6 14.Rb5 c6 
15.Rb3 Rd7 16.Be3 g5 17.Ba6 bxa6 18.Qxc6+ Kd8 19.Bxa7 Ke7 20.Bc5 Qf4 21.g3
Qe5 22.d4 Be4 23.dxe5 Bxc6 24.exd6+ Kf8 25.Rb6 Bb7 26.Rd1 Kg7 27.Bd4 Kg6 
28.Na4 Rhd8 29.Bxf6 Kxf6 30.Nc5 Bf3 31.Nxd7+ Rxd7 32.Rd2 Bb7 1-0

[Event "N4 - Muret/Colomiers"]
[Site "?"]
[Date "2007.12.16"]
[Round "3"]
[White "Morariu, I."]
[Black "Bollengier, Thierry"]
[Result "1/2-1/2"]
[WhiteElo "2090"]
[BlackElo "2111"]
[EventDate "2007.12.28"]
[PlyCount "72"]

1.d4 Nf6 2.c4 e6 3.g3 Bb4+ 4.Bd2 Bxd2+ 5.Qxd2 d6 6.Bg2 O-O 7.Nc3 Nc6 8.Nf3
Qe7 9.O-O Bd7 10.e3 d5 11.cxd5 exd5 12.Rfc1 Nd8 13.Ne5 c6 14.Qc2 Ne8 15.
Na4 Nd6 16.Nxd7 Qxd7 17.Nc5 Qg4 18.Qd1 Qg6 19.Qd3 Qg5 20.b4 Re8 21.a4 a6 
22.h4 Qg4 23.Qd1 Qg6 24.Qc2 Qf6 25.Bf1 Rc8 26.Bh3 Rc7 27.Nd7 Qe7 28.Nb6 
Ne6 29.Qb3 Qd8 30.Qc2 Rce7 31.a5 Rf8 32.Na4 f5 33.Nc5 g5 34.Nxe6 Rxe6 35.
hxg5 Qxg5 36.Bg2 h5 1/2-1/2

[Event "N4 - Muret/Colomiers"]
[Site "?"]
[Date "2007.12.16"]
[Round "3"]
[White "Sasu Ducsoara, A."]
[Black "Milnes, Anthony C P"]
[Result "1-0"]
[WhiteElo "2226"]
[BlackElo "2126"]
[EventDate "2007.12.28"]
[PlyCount "73"]

1.e4 e6 2.d4 d5 3.Nc3 Bb4 4.e5 c5 5.a3 Bxc3+ 6.bxc3 Qc7 7.Qg4 f5 8.Qg3 
cxd4 9.cxd4 Ne7 10.Ra2 O-O 11.h4 b6 12.Bg5 Ba6 13.Bxa6 Nxa6 14.Qd3 Nb8 15.
Ne2 Nbc6 16.Nf4 Qd7 17.h5 Nd8 18.Rh3 Nf7 19.Bf6 Nh6 20.Rg3 Rf7 21.c4 Rc8 
22.Rc2 dxc4 23.Rxc4 Nd5 24.Nxd5 exd5 25.Rxc8+ Qxc8 26.Bg5 Qc6 27.Qd2 Kh8 
28.Rc3 Qe6 29.Qc1 Ng8 30.Rc6 Qe8 31.Rc8 Qe6 32.Qc6 Qxc6 33.Rxc6 h6 34.Bh4 
Rf8 35.Rd6 Re8 36.Kd2 Ne7 37.Re6 1-0

[Event "N4 - Muret/Colomiers"]
[Site "?"]
[Date "2007.12.16"]
[Round "3"]
[White "Carpentier, Jean-Christophe"]
[Black "Genestous, Patrick"]
[Result "1/2-1/2"]
[WhiteElo "2063"]
[BlackElo "2175"]
[EventDate "2007.12.28"]
[PlyCount "150"]

1.e4 e5 2.Nf3 Nf6 3.Nxe5 d6 4.Nf3 Nxe4 5.d4 d5 6.Bd3 Bg4 7.O-O Be7 8.Re1 
f5 9.c3 O-O 10.Nbd2 Bh4 11.Rf1 Nd7 12.Qb3 Nb6 13.Nxh4 Nxd2 14.Bxd2 Qxh4 
15.Qc2 f4 16.f3 Be6 17.Be1 Qh5 18.Qf2 Bf5 19.Bxf5 Qxf5 20.b3 Rf6 21.Bd2 a5
22.Rfe1 a4 23.Qe2 Raf8 24.c4 dxc4 25.bxc4 Rg6 26.Bb4 Nd7 27.Bxf8 Nxf8 28.
d5 b5 29.Rab1 bxc4 30.Qxc4 Rd6 31.Rbd1 Qf7 32.Re4 g5 33.Red4 Ng6 34.Qxa4 
g4 35.Re4 gxf3 36.Qe8+ Qxe8 37.Rxe8+ Kf7 38.Rc8 Rd7 39.gxf3 Ne7 40.Rb8 
Nxd5 41.a4 Ke6 42.Re8+ Kd6 43.Re4 Rg7+ 44.Kf2 Kc5 45.a5 c6 46.Rc1+ Kb5 47.
Ra1 Nb4 48.Rb1 c5 49.Rxf4 Kxa5 50.Rf8 Kb5 51.f4 Kc4 52.Rc1+ Kd4 53.Rd8+ 
Ke4 54.Rc4+ Kf5 55.Rxc5+ Kg4 56.Rd4 Rb7 57.h3+ Kh4 58.Rd6 h5 59.Kf3 Na2 
60.Rdd5 Rb3+ 61.Ke2 Nc3+ 62.Rxc3 Rxc3 63.Rd3 Rc2+ 64.Kf3 Kxh3 65.f5 h4 66.
Rd1 Rc3+ 67.Kf4 Rc4+ 68.Ke5 Kg2 69.f6 h3 70.f7 Rc8 71.Kf6 Rf8 72.Kg7 Rxf7+
73.Kxf7 h2 74.Kf6 h1=Q 75.Rxh1 Kxh1 1/2-1/2

[Event "N4 - Villeneuve Tolosane/Condom2"]
[Site "Villeneuve Tolosane"]
[Date "2007.12.16"]
[Round "3.2"]
[White "Fournier, Camille"]
[Black "Lamy, Loic"]
[Result "1-0"]
[WhiteElo "2046"]
[BlackElo "2051"]
[EventDate "2007.??.??"]
[PlyCount "65"]

1.d4 Nf6 2.c4 e6 3.Nc3 c5 4.e3 g6 5.Nf3 Bg7 6.Be2 O-O 7.O-O d6 8.b3 Nc6 9.
Bb2 e5 10.d5 Ne7 11.a3 Nf5 12.b4 cxb4 13.axb4 Bd7 14.Qc2 Qb6 15.Rfb1 Ng4 
16.c5 dxc5 17.bxc5 Qxc5 18.Ba3 Qc7 19.Bxf8 Rxf8 20.Rxa7 e4 21.Rbxb7 Qxc3 
22.Qxc3 Bxc3 23.Ng5 Bc8 24.Rb3 Nd4 25.exd4 Bxd4 26.Ra8 Bxf2+ 27.Kh1 Bf5 
28.Rxf8+ Kxf8 29.Bxg4 Bxg4 30.Nxe4 Bd4 31.Rb7 h6 32.Nd6 f6 33.Rb4 1-0

[Event "N4 - Villeneuve Tolosane/Condom2"]
[Site "Villeneuve Tolosane"]
[Date "2007.12.16"]
[Round "3.1"]
[White "Zarrouati, Pierre"]
[Black "Dezan, Pierre"]
[Result "1-0"]
[WhiteElo "2160"]
[BlackElo "2135"]
[EventDate "2007.??.??"]
[PlyCount "57"]

1.d4 e6 2.Nf3 c5 3.Nc3 cxd4 4.Nxd4 a6 5.e4 d6 6.a4 Nc6 7.Be2 Nf6 8.O-O Be7
9.Be3 O-O 10.f4 Qc7 11.Nb3 b6 12.Bf3 Bb7 13.Qe2 Rfe8 14.Qf2 Nd7 15.Rad1 
Rab8 16.Rd2 Bc8 17.Nd4 Na5 18.Be2 Nc4 19.Bxc4 Qxc4 20.f5 Ne5 21.Qg3 Kh8 
22.Nf3 Nxf3+ 23.Rxf3 e5 24.Qf2 Bb7 25.f6 gxf6 26.Rxf6 Bxe4 27.Rd4 exd4 28.
Bxd4 d5 29.Rxf7+ 1-0

[Event "Régionale 1"]
[Site "?"]
[Date "2007.12.16"]
[Round "4.6"]
[White "Lafaurie, Florent"]
[Black "Tillol, Jean-Claude"]
[Result "0-1"]
[WhiteElo "1340"]
[BlackElo "1660"]
[EventDate "2007.12.16"]
[PlyCount "44"]
[WhiteTeam "CEIT"]
[BlackTeam "Moissac-Castelsarrasin"]

1.e4 e5 2.Nf3 d6 3.d4 Bg4 4.dxe5 Bxf3 5.Qxf3 dxe5 6.Bc4 Nf6 7.Qb3 Qe7 8.
Nc3 c6 9.Bg5 g6 10.Bxf6 Qxf6 11.Qxb7 Bc5 12.Qxa8 Qxf2+ 13.Kd1 O-O 14.Qb7 
Be3 15.Bxf7+ Kh8 16.Ne2 Rd8+ 17.Bd5 cxd5 18.Qc7 Nc6 19.c3 dxe4+ 20.Kc2 
Qxe2+ 21.Kb3 Rb8+ 22.Qxb8+ Nxb8 0-1

[Event "Régionale 1"]
[Site "?"]
[Date "2007.12.16"]
[Round "4.5"]
[White "Lecoultre, Patrick"]
[Black "Sac, Olivier"]
[Result "1-0"]
[WhiteElo "1763"]
[BlackElo "1420"]
[EventDate "2007.12.16"]
[PlyCount "69"]
[WhiteTeam "Moissac-Castelsarrasin"]
[BlackTeam "CEIT"]

1.d4 d5 2.c4 e6 3.Nf3 Nf6 4.Bg5 Be7 5.e3 O-O 6.Nbd2 h6 7.Bh4 Ne4 8.Bxe7 
Qxe7 9.Bd3 Nxd2 10.Qxd2 c6 11.Rc1 Nd7 12.O-O e5 13.dxe5 Nxe5 14.Nxe5 Qxe5 
15.Rfd1 Qg5 16.cxd5 Bh3 17.Bf1 Bg4 18.Be2 Bh3 19.Bf3 Rfd8 20.e4 Qxd2 21.
Rxd2 Bc8 22.d6 Be6 23.a3 f6 24.Bh5 Rd7 25.f4 g5 26.g3 gxf4 27.gxf4 Rg7+ 
28.Kf2 Kh8 29.Rg1 Rag8 30.Rxg7 Rxg7 31.Be8 Bd7 32.Bxd7 Rxd7 33.e5 fxe5 34.
fxe5 Rf7+ 35.Ke3 1-0

[Event "Régionale 1"]
[Site "?"]
[Date "2007.12.16"]
[Round "4.4"]
[White "Dahbi, Ahmed"]
[Black "Dirat, Sylvain"]
[Result "0-1"]
[WhiteElo "1570"]
[BlackElo "1800"]
[EventDate "2007.12.16"]
[PlyCount "68"]
[WhiteTeam "CEIT"]
[BlackTeam "Moissac-Castelsarrasin"]

1.d4 d5 2.Nf3 Nc6 3.c4 dxc4 4.a4 Bg4 5.e3 e5 6.Be2 exd4 7.Nxd4 Bxe2 8.Kxe2
Nxd4+ 9.Qxd4 Qxd4 10.exd4 O-O-O 11.Rd1 Nf6 12.Bg5 Re8+ 13.Kf1 Nd5 14.Nc3 
Nxc3 15.bxc3 f6 16.Be3 Bd6 17.d5 Re5 18.Rd4 Bc5 19.Bf4 Bxd4 20.Bxe5 Bxe5 
21.Re1 Rd8 22.f3 Rxd5 23.g3 g5 24.Ke2 Ra5 25.Ke3 Rxa4 26.f4 gxf4+ 27.gxf4 
Bd6 28.Rf1 Ra2 29.h4 Rh2 30.Kd4 b5 31.Rf3 Rxh4 32.Ke4 Rxf4+ 33.Rxf4 Bxf4 
34.Kxf4 a5 0-1